000 00572nam a2200205Ia 4500
003 OSt
005 20260627124052.0
008 210210b1982 xxu||||| |||| 00| 0 eng d
040 _cAL
041 _aEnglish
082 _a910.35487 KARG
100 _aKARNATAKA, GOVERNMENT of.
_9266051
245 _aGazetteer of India- Karnataka state gazetteer Part I.
260 _aBangalore
_bGovernment of Karnataka
_c1982
650 _aKarnataka Gazetteer
_9266052
690 _aGazetteers
_9266053
700 _aSuryanath U Kamath
_9266054
906 _a036114
942 _2ddc
_cBK
999 _c86770
_d86770